Strategy in the second nuclear age : (Record no. 92740)

MARC details
000 -LEADER
fixed length control field 02023nam a22002657a 4500
005 - DATE AND TIME OF LATEST TRANSACTION
control field 20150521145823.0
010 ## - LCCN (DPL NO)
LC control number ENG-112582
020 ## - INTERNATIONAL STANDARD BOOK NUMBER
International Standard Book Number 9789381904664
Terms of availability 825.00
035 ## - SYSTEM CONTROL NUMBER
System control number EN-96114
037 ## - SOURCE OF ACQUISITION
Source of stock number/acquisition DBAD/PUB
082 ## - DEWEY DECIMAL CLASSIFICATION NUMBER
Classification number 355.0217
245 00 - TITLE STATEMENT
Title Strategy in the second nuclear age :
Statement of responsibility, etc edited by Toshi Yoshihara [and] James R. Holmes
Remainder of title power, ambition and the ultimate weapon /
260 ## - PUBLICATION, DISTRIBUTION, ETC. (IMPRINT)
Place of publication, distribution, etc New Delhi
Name of publisher, distributor, etc KW Publishers
Date of publication, distribution, etc 2013(repr.)
270 ## - ADDRESS
Address 4676/21, First Floor, Ansari Road, Daryaganj,
City New Delhi
Postal code 110002
300 ## - PHYSICAL DESCRIPTION
Extent vi,250p.
Dimensions 24cm(pbk)
500 ## - GENERAL NOTE
General note Includes bibliographical references and index.
505 ## - FORMATTED CONTENTS NOTE
Formatted contents note Introduction / Toshi Yoshihara and James R. Holmes -- After proliferation: deterrence theory and emerging nuclear powers / Joshua Rovner -- South Africa’s nuclear strategy: deterring "total onslaught" and "nuclear blackmail" in three stages / Helen E. Purkitt and Stephen F. Burgess -- The future of Chinese nuclear strategy / Christopher T. Yeaw, Andrew S. Erickson, and Michael S. Chase -- North Korea’s nuclear weapons program: motivations, strategy, and doctrine / Terence Roehrig -- Changing perceptions of extended deterrence in Japan / James L. Schoff -- Thinking about the unthinkable: Tokyo’s nuclear option / James R. Holmes and Toshi Yoshihara -- India’s nuclear strategy / Anupam Srivastava and Seema Gahlaut -- The future of India’s undersea nuclear deterrent / Andrew C. Winner -- Pakistan’s nuclear posture: thinking about the unthinkable? / Timothy D. Hoyt -- Regime type, nuclear reversals, and nuclear strategy: the ambiguous case of Iran / Scott A. Jones and James R. Holmes -- Conclusion: thinking about strategy in the second nuclear age / Toshi Yoshihara and James R. Holmes.
650 ## - SUBJECT ADDED ENTRY--TOPICAL TERM
Topical term or geographic name as entry element Nuclear warfare.
650 ## - SUBJECT ADDED ENTRY--TOPICAL TERM
Topical term or geographic name as entry element Nuclear weapons
General subdivision Government policy.
650 ## - SUBJECT ADDED ENTRY--TOPICAL TERM
Topical term or geographic name as entry element Strategic forces.
650 ## - SUBJECT ADDED ENTRY--TOPICAL TERM
Topical term or geographic name as entry element Security, International.
700 ## - ADDED ENTRY--PERSONAL NAME
Personal name Yoshihara, Toshi
700 ## - ADDED ENTRY--PERSONAL NAME
Personal name Holmes, James R.
942 ## - ADDED ENTRY ELEMENTS (KOHA)
Source of classification or shelving scheme Dewey Decimal Classification
Item type English Books
Call number suffix STR
Classification part 355.0217
Holdings
Withdrawn status Lost status Not for loan Collection code Home library Current library Date acquired Source of acquisition Cost, normal purchase price Full call number Barcode Copy number Cost, replacement price Koha item type
    Not For Loan Non-fiction D.B.Act.Division D.B.Act.Division 07/04/2015 DBAD/PUB 825.00 355.0217 STR EN-96114 1 825.00 English Books

© Delhi Public Library
Hit Counter
free hit counter